| 000 | 00517nam a2200205Ia 4500 | ||
|---|---|---|---|
| 005 | 20230810102354.0 | ||
| 008 | 131103s9999 xx 000 0 und d | ||
| 040 | _aLoreto College | ||
| 041 | _aEnglish | ||
| 082 |
_a910 _bTHO |
||
| 100 | _aThomas, S.Evelyn | ||
| 245 | 2 |
_aA modern geography _cS. Evelyn Thomas |
|
| 250 | _a2nd ed. | ||
| 260 |
_aSt. Albans _bThe Donnington _c1934 |
||
| 300 |
_axii,663 p. _b ill.,dia.,maps |
||
| 504 | _aIncludes index | ||
| 650 | _aGeography | ||
| 850 | _aLCLIB | ||
| 942 | _cBK | ||
| 999 |
_c3224 _d53703 |
||